Ján Vdovják jubiluje

Bibliographic Details
Main Author: Zahradník, Osvald, 1932-2017 (Author)
Format: Article
Language:Slovak
ISSN:0862-5999
Subjects:

MARC

LEADER 00000nab a2200000 a 4500
001 vtls000820429
003 SK-MaSNL
005 20260304021358.0
008 140423c2002 xo 0 slo
015 |a SNBRB2003/01-00237 
035 |a CLN000172084 
040 |a SNKBUCL  |b slo  |c SNKBUCL  |e AACR2 
041 0 |a slo 
044 |a xo  |c SK 
080 |a 7.096.071.1  |2 1997 
080 |a 929 Vdovják, Ján  |2 1997 
100 1 |a Zahradník, Osvald,  |d 1932-2017  |4 aut  |9 170187 
245 1 0 |a Ján Vdovják jubiluje  |c Osvald Zahradník 
600 1 7 |a Vdovják, Ján,  |d 1928-2007  |2 snkbucl  |9 18521 
655 7 |a články z novín a časopisov  |2 snkbucl  |9 267496 
773 0 |t Literárny týždenník  |g Roč. 15, č. 47-48 (2002), s. 2  |x 0862-5999 
850 |a Slovenská národná knižnica v Martine 
852 |a SNK  |b KIS3GCP 
958 |a SK 
992 |a RBX 
999 |c 2605403  |d 2607333